|
|
|
|
| LEADER |
00000nas a2200000 i 4500 |
| 001 |
ssj0000579170 |
| 003 |
WaSeSS |
| 005 |
20200512172242.0 |
| 006 |
m d |
| 007 |
cr n |
| 008 |
120104d20112016nz uu p s 0 0eng c |
| 010 |
|
|
|a 2014240379
|
| 022 |
|
|
|a 2230-245X
|l 2230-245X
|
| 035 |
|
|
|a (WaSeSS)ssj0000579170
|
| 040 |
|
|
|a FQM
|b eng
|e pn
|c FQM
|d VT2
|d NZ1
|d S4S
|d OCLCF
|d OCLCO
|d CUS
|d IXA
|d OCL
|d OCLCO
|d EUW
|d OCLCO
|d OCLCQ
|d NLM
|d OCLCO
|d OCLCQ
|d OCLCO
|d NLM
|d WT2
|d OCLCO
|d OCLCQ
|d OCLCA
|d OCLCQ
|d AU@
|d OCLCA
|d OCLCQ
|d CNMTR
|d OCLCQ
|d WaSeSS
|
| 042 |
|
|
|a pcc
|
| 130 |
0 |
|
|a Biosimilars (Auckland, New Zealand)
|
| 210 |
1 |
0 |
|a Biosimilars
|2 dnlm
|
| 245 |
1 |
0 |
|a Biosimilars
|h [electronic resource].
|
| 260 |
|
|
|a [Auckland, NZ] :
|b Dove Medical Press,
|c [2011]-
|
| 362 |
1 |
|
|a Began with vol. 1 (2011); ceased with Volume 6 (2016).
|
| 506 |
|
|
|a License restrictions may limit access.
|
| 515 |
|
|
|a Articles added irregularly and collected into annual vols.
|
| 588 |
0 |
|
|a Vol. 1 (2011); title from PDF caption (publisher's Web site, viewed Sept. 5, 2014).
|
| 588 |
1 |
|
|a Volume 6 (2016) (viewed May 11, 2017).
|
| 650 |
|
0 |
|a Biologicals
|v Periodicals.
|
| 650 |
|
0 |
|a Biopharmaceutics
|v Periodicals.
|
| 650 |
|
0 |
|a Pharmaceutical biotechnology
|v Periodicals.
|
| 650 |
|
0 |
|a Drug development
|v Periodicals.
|
| 650 |
1 |
2 |
|a Biosimilar Pharmaceuticals.
|
| 650 |
|
7 |
|a Biologicals.
|2 fast
|0 (OCoLC)fst00832374
|
| 650 |
|
7 |
|a Biopharmaceutics.
|2 fast
|0 (OCoLC)fst00832650
|
| 650 |
|
7 |
|a Drug development.
|2 fast
|0 (OCoLC)fst00898670
|
| 650 |
|
7 |
|a Pharmaceutical biotechnology.
|2 fast
|0 (OCoLC)fst01060106
|
| 655 |
|
0 |
|a Electronic journals.
|
| 710 |
2 |
|
|a Dove Medical Press Ltd.
|
| 856 |
4 |
0 |
|z Full text available from Research Library: 01/01/2011 to 01/31/2016
|u https://search.proquest.com/publication/3933201
|